000
00521nam a2200169Ia 4500
008
090124s9999 xx 000 0 und d
082
_b
118324
100
_a
खरे सुरेश.
245
_a
मंतरलेली चैत्रवेल
250
_a
1
300
_a
83
600
_a
खरे सुरेश.
630
_a
मंतरलेली चैत्रवेल
700
_a
खरे सुरेश.
730
_a
मंतरलेली चैत्रवेल
942
_c
BOOK
999
_c
164411
_d
164411